Tort Law: Establishing Duty of Care - Statistics

General Stats
  • This quiz has been taken 27 times
  • The average score is 5 of 15
Answer Stats
Hint Answer % Correct
What case began the concept of a DoC? Donoghue v Stevenson [1932]
92%
Current leading case? Caparo v Dickman [1990]
80%
What was the three stage test? Proximity
60%
What was the test/principle set out in this case? Neighbour principle
40%
What Supreme Court case confirmed this? Robinson v CC West Yorkshire Police [2018]
40%
What must the harm be? Reasonably foreseeable
36%
What was the three stage test? Fair, just and reasonable to impose a DoC
32%
What was the three stage test? Was harm reasonably foreseeable?
32%
How should the law be developed when no previous precedents available? Incrementally
20%
What case employed the two stage test? Anns v Merton LBC [1978]
16%
When should the courts look to Caparo? For new cases (no analogous cases)
4%
What was the two stage test? Did D owe a duty of care under the circumstances
0%
What was this? Reasonable care to avoid harm to neighbour
0%
What was the two stage test? Relationship of proximity
0%
Why was this test controversial? Too broad of a scope
0%
No matching quizzes found
Score Distribution
Percent of People with Each Score
Percentile by Number Answered
Your Score History
You have not taken this quiz